书目信息 |
| 题名: |
东洋的近世
|
|
| 作者: | 宫崎市定 著 ;砺波护 , 张学锋 , 陆帅 , 张紫毫 编 | |
| 分册: | ||
| 出版信息: | 北京 中信出版集团股份有限公司 2018 |
|
| 页数: | 264页 | |
| 开本: | 21cm | |
| 丛书名: | 观潮丛书 | |
| 单 册: | ||
| 中图分类: | K244.07 | |
| 科图分类: | ||
| 主题词: | 宋代--历史--研究 | |
| 电子资源: | ||
| ISBN: | 978-7-5086-8314-0 | |
| 000 | 01218oam2 2200325 450 | |
| 001 | 012001005541 | |
| 005 | 20080820085848.0 | |
| 010 | @a978-7-5086-8314-0@b精装@dCNY56.00 | |
| 100 | @a20180819d2018 em y0chiy50 ea | |
| 101 | 1 | @achi@cjpn |
| 102 | @aCN@b110000 | |
| 105 | @aa z 000yy | |
| 106 | @ar | |
| 200 | 1 | @a东洋的近世@9dong yang de jin shi@e中国的文艺复兴@f(日)宫崎市定著@g(日)砺波护编@g张学锋,陆帅,张紫毫译 |
| 210 | @a北京@c中信出版集团股份有限公司@d2018 | |
| 215 | @a264页@c图@d21cm | |
| 225 | 1 | @a观潮丛书 |
| 300 | @a楚尘文化 | |
| 330 | @a本书发掘中国宋代与欧洲近世史之间许多平行的史事,认为中国北宋开始出现文艺复兴现象,这一过程比西洋早了三个世纪。而在高度发达的交换经济与中央集权的国家体制下,新生的宋代平民文化中出现了民族主义搏动的先兆。 | |
| 461 | 0 | @12001 @a观潮丛书 |
| 517 | 1 | @a中国的文艺复兴@9zhong guo de wen yi fu xing |
| 606 | 0 | @a宋代@x历史@x研究 |
| 690 | @aK244.07@v5 | |
| 701 | 0 | @c(日)@a宫崎市定@9gong qi shi ding@f(1901-1995)@4著 |
| 702 | 0 | @c(日)@a砺波护@9li bo hu@4编 |
| 702 | 0 | @a张学锋@9zhang xue feng@4译 |
| 702 | 0 | @a陆帅@9lu shuai@4译 |
| 702 | 0 | @a张紫毫@9zhang zi hao@4译 |
| 801 | 0 | @aCN@b上海新华@c20181010 |
| 905 | @b1174318-22@dK244.07@e72@f5 | |
| 东洋的近世:中国的文艺复兴/(日)宫崎市定著/(日)砺波护编/张学锋,陆帅,张紫毫译.-北京:中信出版集团股份有限公司,2018 |
| 264页:图;21cm.-(观潮丛书) |
| 楚尘文化 |
| ISBN 978-7-5086-8314-0(精装):CNY56.00 |
| 本书发掘中国宋代与欧洲近世史之间许多平行的史事,认为中国北宋开始出现文艺复兴现象,这一过程比西洋早了三个世纪。而在高度发达的交换经济与中央集权的国家体制下,新生的宋代平民文化中出现了民族主义搏动的先兆。 |
| ● |
| 相关链接 |
|
|
|
|
正题名:东洋的近世
索取号:K244.07/72
 
预约/预借
| 序号 | 登录号 | 条形码 | 馆藏地/架位号 | 状态 | 备注 |
| 1 | 1174318 | 211743185 | 第二样本阅览室/ [索取号:K244.07/72] | 在馆 | |
| 2 | 1174319 | 211743194 | 密集书库-史法系/ [索取号:K244.07/72] | 在馆 | |
| 3 | 1174320 | 211743201 | 第二借阅区/ [索取号:K244.07/72] | 在馆 | |
| 4 | 1174321 | 211743210 | 第二借阅区/ [索取号:K244.07/72] | 在馆 | |
| 5 | 1174322 | 211743229 | 第二借阅区/ [索取号:K244.07/72] | 在馆 |